India America Relations : (Record no. 171753)

MARC details
000 -LEADER
fixed length control field 00655nam a2200193 4500
005 - DATE AND TIME OF LATEST TRANSACTION
control field 20200120124617.0
010 ## - LCCN (DPL NO)
LC control number EN-127471
020 ## - INTERNATIONAL STANDARD BOOK NUMBER
Terms of availability 1395.00
International Standard Book Number 9789384139728
035 ## - SYSTEM CONTROL NUMBER
System control number EN-111003
037 ## - SOURCE OF ACQUISITION
Source of stock number/acquisition DBAD/PUB
082 ## - DEWEY DECIMAL CLASSIFICATION NUMBER
Classification number 327.54073
100 ## - MAIN ENTRY--PERSONAL NAME
Personal name Patil Manohar T.
245 ## - TITLE STATEMENT
Title India America Relations :
Remainder of title by Manohar T.Patil
Statement of responsibility, etc International Politics/
260 ## - PUBLICATION, DISTRIBUTION, ETC. (IMPRINT)
Place of publication, distribution, etc New Delhi
Name of publisher, distributor, etc Gaurav Books
Date of publication, distribution, etc 2018
270 ## - ADDRESS
Address 132,2nd floor,Shivram Kripa,Mayur Park, Basant Vihar
City Kanpur
Postal code 208021
Electronic mail address gauravbooks584@gmail.com
300 ## - PHYSICAL DESCRIPTION
Extent vii;332p.
Dimensions 22cm(hb)
500 ## - GENERAL NOTE
General note Includes bibliographical references
942 ## - ADDED ENTRY ELEMENTS (KOHA)
Source of classification or shelving scheme Dewey Decimal Classification
Item type English Books
Classification part 327.54073
Call number suffix PAT
Holdings
Withdrawn status Lost status Not for loan Collection code Home library Current library Date acquired Source of acquisition Cost, normal purchase price Full call number Barcode Copy number Cost, replacement price Koha item type
      Non-fiction Shahdara Branch Shahdara Branch 20/01/2020 DBAD/PUB 1395.00 327.54073 PAT EN-111003 1 1395.00 English Books

© Delhi Public Library
Hit Counter
free hit counter